000 00191nam a2200109Ia 4500
100 _aKATHERINE/HEPBUM.
942 _cBK
245 _aME
260 _b#N/A
546 _aENGLISH
999 _c33836
_d33836